00371nam a22001097a 4500020002200000082001500022100001900037245006400056260002900120300001300149650009900162 a978-969-23088-0-9 a954.91 SAD aSadiq, Hasan M aThe end of the great game: was pakistan the real us target? aPakistanbHMS Bookc2016 axI,373 P aA comprehensive narrative of the US war in Afghanistan and its relationship to Middle East oil